Made in China

Bibliographic Details
Main Author: Hajtman, Béla, 1966- (Author)
Format: Article
Language:Hungarian
PhysicalDescription:Fotogr.
Subjects:

MARC

LEADER 00000nab a2200000 ar4500
001 vtls008954104
003 SK-MaSNL
005 20260303070308.0
008 070213c20070213xo |||||||| 000 b|hun
015 |a SNBRB2007/02  |2 snkbucl 
038 |a SNKBUCL 
040 |a DSZK  |b slo  |c DSZK  |e AACR2 
041 0 |a hun 
044 |a xo  |c SK 
080 |a 821.511.141 (437.6)-92=511.141  |2 1997 
100 1 |a Hajtman, Béla,  |d 1966-   |4 aut  |9 90205 
245 1 0 |a Made in China  |c Hajtman Béla 
300 |b Fotogr. 
650 0 7 |a publicistické glosy, maďarské  |2 snkbucl  |9 73730 
773 0 |t Új szó  |g Évf. 60, sz. 36 (13.2.2007), o. 7 
852 |a SNK  |b KIS3GCP 
852 |a DSZK  |b KIS3GCP 
958 |a HU 
958 |a SK 
958 |a LX 
999 |c 1754749  |d 1756679